Schaum's Outlines Calculus / (Record no. 616880)

000 -LEADER
fixed length control field 00441nam a22001697a 4500
020 ## - INTERNATIONAL STANDARD BOOK NUMBER
International Standard Book Number 0070419736
040 ## - CATALOGING SOURCE
Transcribing agency NUST
082 ## - DEWEY DECIMAL CLASSIFICATION NUMBER
Classification number 515.15,AYR
100 ## - MAIN ENTRY--PERSONAL NAME
Personal name Ayres, frank
9 (RLIN) 8744
245 ## - TITLE STATEMENT
Title Schaum's Outlines Calculus /
Statement of responsibility, etc. Frank Ayres, JR. Elliott Mendelson
250 ## - EDITION STATEMENT
Edition statement 4th Edition
260 ## - PUBLICATION, DISTRIBUTION, ETC.
Place of publication, distribution, etc. Lahore
Name of publisher, distributor, etc. Jahangir Book depot
Date of publication, distribution, etc. 2004
300 ## - PHYSICAL DESCRIPTION
Extent xi,578p.'
650 ## - SUBJECT ADDED ENTRY--TOPICAL TERM
Topical term or geographic name entry element Calculus
651 ## - SUBJECT ADDED ENTRY--GEOGRAPHIC NAME
Geographic name Math
9 (RLIN) 133967
942 ## - ADDED ENTRY ELEMENTS (KOHA)
Source of classification or shelving scheme
Koha item type Book
Call number prefix 515.5,AYR
Holdings
Withdrawn status Lost status Source of classification or shelving scheme Damaged status Not for loan Permanent Location Current Location Shelving location Date acquired Full call number Barcode Date last seen Price effective from Koha item type Public note
          Military College of Signals (MCS) Military College of Signals (MCS) General Stacks 04/07/2026 515.15,AYR MCS38968 04/07/2026 04/07/2026 Book Almirah No.13, Shelf No.3
© 2023 Central Library, National University of Sciences and Technology. All Rights Reserved.